Nebojte sa kritiky
Kritika a jej význam. Kritika v organizácii. Prijať kritiku je umenie. Spätná väzba či konštruktívna kritika. Nebojte sa žiadať o spätnú väzbu. Kritika a emócie.
Salvato in:
| Autore principale: | |
|---|---|
| Natura: | Capitolo di libro |
| Lingua: | slovacco |
| Soggetti: | |
| Tags: |
Nessun Tag, puoi essere il primo ad aggiungerne!!
|
MARC
| LEADER | 00000naa a2200000 4500 | ||
|---|---|---|---|
| 001 | 0162743 | ||
| 005 | 20231120125705.4 | ||
| 041 | 0 | |a slo | |
| 044 | |a SK | ||
| 245 | 1 | 0 | |a Nebojte sa kritiky |c Mária Kopčíková |
| 520 | |a Kritika a jej význam. Kritika v organizácii. Prijať kritiku je umenie. Spätná väzba či konštruktívna kritika. Nebojte sa žiadať o spätnú väzbu. Kritika a emócie. | ||
| 610 | 2 | 0 | |a firmy |
| 610 | 2 | 0 | |a kultúra podniková |
| 610 | 2 | 0 | |a zamestnanci |
| 610 | 2 | 0 | |a kritika |
| 610 | 2 | 0 | |a väzba spätná |
| 610 | 2 | 0 | |a emócie |
| 100 | 1 | |a Kopčíková, Mária | |